00564nam a2200193 a 4500001001300000003000900013005001700022008004100039020001200080082001500092100002200107245008000129260004100209300000900250500003500259505001700294650003700311700002200348nice12345678IN_TiNIC20260116013134.0050524s1991 dura grp 000 0 eng  ac465.500a220.6bGRU aGrusin, Richard A aTranscendentalist Hermeneuticsb Institutional Authority & Higher Criticism aDurhambDuke University Press c1991 a194p aincludes index and biblioraphy2 aNotes, Index aBible-Criticism & Interpretation1 aGrusin, Richard A